000 00362nam a2200145Ia 4500
008 150201s1991 xx 000 0 und d
082 _a615.32
_bL1991G
100 _aGRUNDY,H.F.
245 _aLECTURE NOTES ON PHARMACOLOGY
250 _a2ND
260 _bBLACKWELL SCIENCE PUB.
_aLONDON
_c1991
300 _a1-478
650 _aPHARMACOLOGY
942 _2ddc
_cBK
_01
999 _c2663
_d2663